000 00841nam a2200241Ia 4500
003 OSt
005 20220923223334.0
006 a|||||r|||| 00| 0
007 ta
008 220922b |||||||| |||| 00| 0 hin d
024 _a213,621
037 _cTextual
040 _aARTS
_cARTS
_bhin
041 _2hin
_ahin
082 _aO152,3M88:g, L7
100 _aवशिष्ठ, इन्दु
245 0 _aउपन्यासकार आचार्य चतुरसेन शास्त्री
246 _aUpanyāsakār āchārya chaturasen shāstrī
260 _aमथुरा
_b जवाहर पुस्तकालय
_c1977
650 _aहिन्दी साहित्य
_9156264
942 _hO152,3M88:g, L7
_cTEXL
_2CC
999 _c363829
_d363829